¿ Su mamá no la cuidó?: las madres ante el abuso sexual de sus hijas /
El artículo explora el papel de las madre y sus repercusiones en el abuso sexual a sus hijas. Para la autora abundan los prejuicios y escasean las reflexiones, ya que el incesto sigue siendo el secreto mejor guardado en nuestras sociedades
Сохранить в:
| Главный автор: | |
|---|---|
| Формат: | Текст |
| Язык: | Spanish |
| Опубликовано: |
Nicaragua:
Instituto Histórico Centroamericano
2005
|
| Предметы: | |
| Метки: |
Добавить метку
Нет меток, Требуется 1-ая метка записи!
|
MARC
| LEADER | 00000 a a2200000 04500 | ||
|---|---|---|---|
| 001 | 7181 | ||
| 003 | cru CIDCACS/IIS | ||
| 005 | 20240628115841.0 | ||
| 008 | 240628b2005 nq ||||| |||| 00| 0 spa d | ||
| 022 | |a 0259-4374 | ||
| 040 | |a cru CIDCACS/IIS |b spa |c cru CIDCACS/IIS | ||
| 100 | |a López Vigil, María | ||
| 245 | |a ¿ Su mamá no la cuidó?: |b las madres ante el abuso sexual de sus hijas / |c María López Vigil |h [impreso] | ||
| 260 | |a Nicaragua: |b Instituto Histórico Centroamericano |c 2005 | ||
| 520 | |a El artículo explora el papel de las madre y sus repercusiones en el abuso sexual a sus hijas. Para la autora abundan los prejuicios y escasean las reflexiones, ya que el incesto sigue siendo el secreto mejor guardado en nuestras sociedades | ||
| 650 | |a ABUSO DE MENORES | ||
| 650 | |a NIÑAS | ||
| 650 | |a MADRES | ||
| 650 | |a ASPECTOS PSICOLOGICOS | ||
| 650 | |a NICARAGUA | ||
| 773 | |g volumen 24, número 283; páginas43-54 |o REV0431 283 (2005) |t Envío Información sobre Nicaragua y Centromérica | ||
| 942 | |2 z |c PP | ||
| 999 | |c 32138 |d 32138 | ||
